LEADER 01451nam 2200325Ia 450 001 996396519703316 005 20200818211357.0 035 $a(CKB)4940000000056667 035 $a(EEBO)2240949459 035 $a(OCoLC)ocm12201413e 035 $a(OCoLC)12201413 035 $a(EXLCZ)994940000000056667 100 $a19850626d1643 uy | 101 0 $aeng 135 $aurbn||||a|bb| 200 10$aTwo ordinances of the Lords and Commons assembled in Parliament$b[electronic resource] $econcerning the trained bands of the cities of London and Westminster, and the county of Middlesex : for their better appearance and execution of their duties as often as they shall be called thereunto by their captaimes [sic] or other officers : also that every captaine shall choose a marshall for his company to take notice of delinquets, and put the former order in execution, and to have out of every five shillings, twelve pence for his paines 210 $a[London] $c... Printed for John Wright ...$d1643 215 $a[8] p 300 $aReproduction of original in Thomason Collection, British Library. 330 $aeebo-0158 607 $aGreat Britain$xHistory$yCivil War, 1642-1649$vSources 801 0$bEAA 801 1$bEAA 801 2$bm/c 801 2$bUMI 801 2$bWaOLN 906 $aBOOK 912 $a996396519703316 996 $aTwo ordinances of the Lords and Commons assembled in Parliament$92299709 997 $aUNISA